<?xml version="1.0" encoding="UTF-8"?><OAI-PMH xmlns="http://www.openarchives.org/OAI/2.0/" xmlns:xsi="http://www.w3.org/2001/XMLSchema-instance"     xsi:schemaLocation="http://www.openarchives.org/OAI/2.0/ http://www.openarchives.org/OAI/2.0/OAI-PMH.xsd"><responseDate>2026-05-16T20:27:28Z</responseDate><request verb="GetRecord" identifier="oai:regmurcia.com:fintegr.3797" metadataPrefix="marc21">http://oai.regmurcia.com/oai2/oai2.php</request><GetRecord><record><header><identifier>oai:regmurcia.com:fintegr.3797</identifier><datestamp>2026-05-16</datestamp><setSpec>documentos</setSpec></header><metadata><record  xmlns="http://www.loc.gov/MARC21/slim" xmlns:xsi="http://www.w3.org/2001/XMLSchema-instance" xsi:schemaLocation="http://www.loc.gov/MARC21/slim http://www.loc.gov/standards/marcxml/schema/MARC21slim.xsd" type="Bibliographic"><leader>00000nam a2200000   4500</leader><controlfield tag="001" >005075086</controlfield><controlfield tag="003" >3797</controlfield><controlfield tag="004" >A00000000</controlfield><datafield tag="245" ind1=" " ind2=" "><subfield code="a">Expediente del pleito de Benito Agustín y Ginés Campoy sobre la cuenta y partición de los bienes que quedaron por muerte de Alonso Campoy y su mujer Ana Miralles.</subfield></datafield><datafield tag="300" ind1=" " ind2=" "><subfield code="a">39 Fols.</subfield></datafield><datafield tag="351" ind1=" " ind2=" "><subfield code="a">Unidad Documental Compuesta</subfield><subfield code="c">Archivo de Fortuna. Array</subfield><subfield code="a">Unidad Documental Compuesta</subfield><subfield code="c">Archivo de Fortuna. Array</subfield></datafield><datafield tag="520" ind1=" " ind2=" "><subfield code="a">Pleito de Benito Agustín, como esposo de María de Lozano Campoy, y Ginés Campoy, curador de la susodicha María, sobre la cuenta y partición de los bienes que quedaron por fin y muerte de Alonso Campoy y su mujer Ana Miralles. Contiene denuncia de Benito Agustín.</subfield></datafield><datafield tag="583" ind1=" " ind2=" "><subfield code="u">http://www.regmurcia.com/servlet/s.Sl?METHOD=VERDOCUMENTO&amp;sit=serv,Carmesi&amp;n=/21/10012/indice.djvu</subfield></datafield><datafield tag="592" ind1=" " ind2=" "><subfield code="b">1695-10-03</subfield></datafield><datafield tag="592" ind1=" " ind2=" "><subfield code="c">1705-10-26</subfield></datafield><datafield tag="592" ind1=" " ind2=" "><subfield code="d">1705-10-26 00:00:00</subfield></datafield><datafield tag="651" ind1=" " ind2=" "><subfield code="a">Fortuna</subfield></datafield><datafield tag="786" ind1=" " ind2=" "><subfield code="o">http://www.regmurcia.com/servlet/s.Sl?METHOD=VERDOCUMENTO&amp;sit=serv,Carmesi&amp;n=/21/10012/indice.djvu</subfield></datafield><datafield tag="856" ind1=" " ind2=" "><subfield code="u">http://www.regmurcia.com/servlet/s.Sl?METHOD=DETALLE&amp;sit=c,373,m,139,serv,Carmesi&amp;id=3797</subfield></datafield></record></metadata></record></GetRecord></OAI-PMH>
